Cics For The Cobol Programmer (Record no. 296355)

MARC details
000 -LEADER
fixed length control field 00379nam a2200157Ia 4500
008 - FIXED-LENGTH DATA ELEMENTS--GENERAL INFORMATION
fixed length control field 230718s9999 xx 000 0 und d
041 ## - LANGUAGE CODE
Language code of text/sound track or separate title eng
082 ## - DEWEY DECIMAL CLASSIFICATION NUMBER
Classification number 005.133
Item number LOW
100 ## - MAIN ENTRY--PERSONAL NAME
Personal name Lowe D.
245 ## - TITLE STATEMENT
Title Cics For The Cobol Programmer
260 ## - PUBLICATION, DISTRIBUTION, ETC. (IMPRINT)
Date of publication, distribution, etc. 1992
Name of publisher, distributor, etc. Murach
300 ## - PHYSICAL DESCRIPTION
Extent 352
365 ## - TRADE PRICE
Currency code Rs.
Price amount 1317.00
700 ## - ADDED ENTRY--PERSONAL NAME
Personal name Lowe D.
906 ## - LOCAL DATA ELEMENT F, LDF (RLIN)
d B:276306-Oct-1997
c COMP
b 197.55
Holdings
Withdrawn status Lost status Damaged status Not for loan Home library Current library Date acquired Vendor Budget Code Cost, normal purchase price Bill number Full call number Barcode Date last seen Discount Cost, replacement price Bill Date Koha item type Original Barcode
Withdrawn       Cummins College of Engineering for Women Pune Cummins College of Engineering for Women Pune 08/10/1997 Pradeep Book Distributors COMP 1119.45 2763 005.133 CCEP-BK-7561 18/07/2023 197.55 1317.00 06/10/1997 Books 007561